[Event "2. Open Mundial de Ajedrez - León"]
[Site "León ESP"]
[Date "2010.01.01"]
[Round "1.1"]
[White "Marquinez Cabrejas, Francisco J"]
[Black "Georgiev, Kiril"]
[Result "0-1"]
[WhiteElo "2013"]
[BlackElo "2672"]
[PlyCount "81"]
[EventDate "2010.01.01"]
[EventType "swiss (rapid)"]
[EventRounds "9"]
[EventCountry "ESP"]
[Source "lmi"]
[SourceDate "2010.01.01"]

1. e4 d5 2. exd5 Qxd5 3. d4 Nc6 4. Nf3 Bg4 5. Be2 O-O-O 6. Nc3 Qf5 7. d5 Nf6 8.
Bd3 Qh5 9. dxc6 e5 10. cxb7+ Kb8 11. Qe2 Bb4 12. Be4 Nxe4 13. Qxe4 Bxc3+ 14.
bxc3 f5 15. Qe3 f4 16. Qe4 Bf5 17. Qe2 Rhe8 18. O-O Rd6 19. Re1 Ree6 20. Ba3
Ra6 21. Bc5 e4 22. Nd4 f3 23. Nxf3 exf3 24. Qxf3 Qxf3 25. gxf3 Bh3 26. Rxe6
Rxe6 27. Kh1 Kxb7 28. Be3 a6 29. Rb1+ Kc8 30. Rb4 Rg6 31. Rh4 Bg2+ 32. Kg1
Bxf3+ 33. Kf1 Rd6 34. Rd4 Rc6 35. c4 Rb6 36. Ke1 Rb2 37. Kd2 Rxa2 38. Rf4 Bh5
39. c5 Kb7 40. Rf8 Bg6 41. Rg8 0-1

[Event "2. Open Mundial de Ajedrez - León"]
[Site "León ESP"]
[Date "2010.01.01"]
[Round "2.2"]
[White "Guerrero Alvarez, Rafael"]
[Black "Krasenkow, Michal"]
[Result "0-1"]
[WhiteElo "2173"]
[BlackElo "2656"]
[PlyCount "71"]
[EventDate "2010.01.01"]
[EventType "swiss (rapid)"]
[EventRounds "9"]
[EventCountry "ESP"]
[Source "lmi"]
[SourceDate "2010.01.01"]

1. e4 g6 2. d4 Bg7 3. Nc3 c6 4. Bc4 d6 5. Be3 Nf6 6. Bb3 d5 7. f3 dxe4 8. Nxe4
Nxe4 9. fxe4 e5 10. Qf3 O-O 11. d5 cxd5 12. Bxd5 Nd7 13. Ne2 Nf6 14. Bg5 Qa5+
15. Qc3 Qb6 16. Bxf6 Bxf6 17. O-O-O Bg4 18. Qd3 Qf2 19. Rde1 Qxg2 20. Ng3 Rad8
21. Kb1 Bh4 22. Ref1 Be6 23. c4 b5 24. Rd1 bxc4 25. Qxc4 Bxd5 26. exd5 Bxg3 27.
hxg3 Qxg3 28. d6 e4 29. d7 e3 30. Qd3 Qe5 31. Rhe1 Rb8 32. b3 Rfd8 33. Rxe3 Qg5
34. Rf3 Rb7 35. Qd6 Rbxd7 36. Qd5 0-1

[Event "2. Open Mundial de Ajedrez - León"]
[Site "León ESP"]
[Date "2010.01.01"]
[Round "2.4"]
[White "Rodriguez Boado, Martin"]
[Black "Salgado Lopez, Ivan"]
[Result "0-1"]
[WhiteElo "2165"]
[BlackElo "2584"]
[PlyCount "90"]
[EventDate "2010.01.01"]
[EventType "swiss (rapid)"]
[EventRounds "9"]
[EventCountry "ESP"]
[Source "lmi"]
[SourceDate "2010.01.01"]

1. e4 e5 2. Nf3 d6 3. d4 exd4 4. Nxd4 Nf6 5. Nc3 Be7 6. Be2 O-O 7. O-O Re8 8.
Re1 Bf8 9. Bf3 c6 10. Bf4 Nbd7 11. g3 a5 12. Qd2 a4 13. b3 a3 14. Rad1 Ne5 15.
Bg2 Ng6 16. Nb1 Bg4 17. f3 Nxf4 18. Qxf4 Bd7 19. c4 Qb6 20. Kh1 Ra5 21. Nc2 Bc8
22. Qe3 Qa6 23. Bf1 Qa8 24. b4 Rh5 25. Qxa3 Qb8 26. Kg1 b5 27. cxb5 d5 28. Nd4
dxe4 29. Nxc6 Qb6+ 30. Qe3 Qc7 31. Qf2 Re6 32. a3 exf3 33. Qxf3 Rf5 34. Qxf5
Rxe1 35. Qc2 Bf5 36. Qd2 Qb6+ 37. Kg2 Be4+ 38. Kh3 Qb7 39. Be2 Qc8+ 40. g4 Rxd1
41. Qxd1 h5 42. Nc3 hxg4+ 43. Bxg4 Nxg4 44. Qd4 Nh6+ 45. Kg3 Nf5+ 0-1

[Event "2. Open Mundial de Ajedrez - León"]
[Site "León ESP"]
[Date "2010.01.02"]
[Round "3.1"]
[White "Vuilleumier, Alexandre"]
[Black "Georgiev, Kiril"]
[Result "0-1"]
[WhiteElo "2332"]
[BlackElo "2672"]
[PlyCount "74"]
[EventDate "2010.01.01"]
[EventType "swiss (rapid)"]
[EventRounds "9"]
[EventCountry "ESP"]
[Source "lmi"]
[SourceDate "2010.01.01"]

1. e4 e5 2. Nf3 Nc6 3. d4 exd4 4. Nxd4 Bc5 5. Be3 Qf6 6. c3 Nge7 7. Bc4 O-O 8.
O-O Bb6 9. Nc2 d6 10. Nba3 Be6 11. Bxb6 axb6 12. Ne3 Ra5 13. f4 Rxa3 14. bxa3
Qxc3 15. Qd3 Qxd3 16. Bxd3 Ra8 17. Nc2 f6 18. Rf3 Ra5 19. Kf2 g6 20. Ke3 Kg7
21. Kd2 Bf7 22. Kc3 Nd8 23. Kb2 Ne6 24. Bc4 Nc5 25. Bxf7 Kxf7 26. Re1 Nc6 27.
Rh3 Kg7 28. Rhe3 Ra4 29. g3 Na5 30. Rc3 Nc4+ 31. Ka1 b5 32. Re2 c6 33. h4 Ra8
34. Ne3 Nxe4 35. Nxc4 Nxc3 36. Re7+ Kf8 37. Rxh7 Kg8 0-1

[Event "2. Open Mundial de Ajedrez - León"]
[Site "León ESP"]
[Date "2010.01.02"]
[Round "3.2"]
[White "Krasenkow, Michal"]
[Black "Hoffman, Alejandro"]
[Result "1-0"]
[WhiteElo "2656"]
[BlackElo "2426"]
[PlyCount "85"]
[EventDate "2010.01.01"]
[EventType "swiss (rapid)"]
[EventRounds "9"]
[EventCountry "ESP"]
[Source "lmi"]
[SourceDate "2010.01.01"]

1. d4 d6 2. Nf3 Nf6 3. c4 g6 4. Nc3 Bg7 5. e4 O-O 6. h3 c5 7. d5 e6 8. Bd3 Na6
9. Bg5 exd5 10. cxd5 h6 11. Be3 Nc7 12. Qd2 Kh7 13. a4 Na6 14. O-O Nb4 15. Bc4
b6 16. Rae1 Bb7 17. Bf4 Ne8 18. Re2 a6 19. Rd1 Ra7 20. Qe1 g5 21. Bh2 f6 22. g4
Bc8 23. Bg3 h5 24. gxh5 Bxh3 25. Nh2 Bh6 26. f3 Ng7 27. Ng4 Bxg4 28. fxg4 Qd7
29. Rg2 Re8 30. Qf2 Qxg4 31. Bxd6 Qxh5 32. a5 Rd7 33. Bg3 bxa5 34. Qxc5 f5 35.
Be2 Qg6 36. exf5 Nxf5 37. Bg4 Rf7 38. d6 Bf8 39. Bxf5 Rxf5 40. Qc7+ Kg8 41. d7
Bc5+ 42. Bf2 Bxf2+ 43. Rxf2 1-0

[Event "2. Open Mundial de Ajedrez - León"]
[Site "León ESP"]
[Date "2010.01.02"]
[Round "3.4"]
[White "Salgado Lopez, Ivan"]
[Black "Cruz-Lopez Claret, Carlos"]
[Result "1-0"]
[WhiteElo "2584"]
[BlackElo "2318"]
[PlyCount "59"]
[EventDate "2010.01.01"]
[EventType "swiss (rapid)"]
[EventRounds "9"]
[EventCountry "ESP"]
[Source "lmi"]
[SourceDate "2010.01.01"]

1. e4 e5 2. Nf3 Nc6 3. Bb5 f5 4. Bxc6 dxc6 5. Nc3 Nf6 6. Qe2 Bc5 7. d3 Qe7 8.
h3 O-O 9. Bd2 b5 10. exf5 Bxf5 11. Ne4 Nxe4 12. dxe4 Be6 13. b3 h6 14. O-O Qf6
15. Ne1 Qg6 16. Kh2 a5 17. f3 h5 18. Nd3 Bd6 19. Qf2 Kh7 20. h4 a4 21. Bc3 Rae8
22. Qg3 Qxg3+ 23. Kxg3 Bf7 24. Rfb1 a3 25. Bb4 Rd8 26. Rd1 Be6 27. Kf2 Bc8 28.
Ke2 Rfe8 29. Nc5 g6 30. Bxa3 1-0

[Event "2. Open Mundial de Ajedrez - León"]
[Site "León ESP"]
[Date "2010.01.02"]
[Round "4.2"]
[White "Salgado Lopez, Ivan"]
[Black "Lalic, Bogdan"]
[Result "1-0"]
[WhiteElo "2584"]
[BlackElo "2494"]
[PlyCount "93"]
[EventDate "2010.01.01"]
[EventType "swiss (rapid)"]
[EventRounds "9"]
[EventCountry "ESP"]
[Source "lmi"]
[SourceDate "2010.01.01"]

1. e4 e5 2. Nf3 Nc6 3. Bb5 Nf6 4. O-O Nxe4 5. Re1 Nd6 6. Nxe5 Be7 7. Bf1 Nxe5
8. Rxe5 O-O 9. Nc3 Bf6 10. Re1 Nf5 11. Nd5 c6 12. Nxf6+ Qxf6 13. c3 d6 14. d4
Bd7 15. Bf4 Rfe8 16. Qa4 Nh4 17. Bg3 Nf5 18. Rxe8+ Bxe8 19. Re1 Nxg3 20. hxg3
Qd8 21. d5 c5 22. Qf4 g6 23. g4 b5 24. Re3 Rb8 25. g5 a5 26. Be2 a4 27. a3 b4
28. axb4 cxb4 29. cxb4 Bb5 30. Bg4 Rb7 31. Kh2 Rc7 32. Be2 Bxe2 33. Rxe2 Rb7
34. Re4 h6 35. gxh6 Kh7 36. g3 Qh8 37. Re2 Qf8 38. Kg2 Rb5 39. Qc4 Rb7 40. b5
Qb8 41. Qd4 Qh8 42. Qxa4 Qf6 43. Qa6 Re7 44. b6 Rxe2 45. Qxe2 Qd4 46. b7 Qxd5+
47. Qf3 1-0

[Event "2. Open Mundial de Ajedrez - León"]
[Site "León ESP"]
[Date "2010.01.02"]
[Round "4.3"]
[White "Romanishin, Oleg M"]
[Black "Gurevich, Mikhail"]
[Result "1/2-1/2"]
[WhiteElo "2510"]
[BlackElo "2597"]
[PlyCount "90"]
[EventDate "2010.01.01"]
[EventType "swiss (rapid)"]
[EventRounds "9"]
[EventCountry "ESP"]
[Source "lmi"]
[SourceDate "2010.01.01"]

1. Nf3 d5 2. g3 Bg4 3. Bg2 Nd7 4. c4 c6 5. cxd5 cxd5 6. Nc3 e6 7. Qb3 Qb6 8.
Qxb6 axb6 9. Nd4 Ngf6 10. Ndb5 Rc8 11. d4 Be7 12. Bf4 O-O 13. Bd6 Bxd6 14. Nxd6
Rc6 15. Ndb5 Bf5 16. f3 Bg6 17. Kd2 Ra8 18. Rhc1 Kf8 19. e3 Ke7 20. Bf1 Ne8 21.
a3 Nd6 22. Nxd6 Kxd6 23. Bb5 e5 24. Bxc6 bxc6 25. a4 f6 26. b4 exd4 27. exd4
Nf8 28. b5 c5 29. dxc5+ bxc5 30. a5 Ne6 31. a6 Nd4 32. b6 Kc6 33. b7 Re8 34.
Rcb1 Nxf3+ 35. Kc1 Re1+ 36. Nd1 Re2 37. Rb2 Re4 38. Rb3 Re2 39. Rc3 d4 40. b8=Q
dxc3 41. Qb7+ Kd6 42. Nxc3 Rc2+ 43. Kd1 Rd2+ 44. Kc1 Rc2+ 45. Kd1 Rd2+ 1/2-1/2

[Event "2. Open Mundial de Ajedrez - León"]
[Site "León ESP"]
[Date "2010.01.02"]
[Round "5.2"]
[White "Krasenkow, Michal"]
[Black "Lariño Nieto, David"]
[Result "1-0"]
[WhiteElo "2656"]
[BlackElo "2471"]
[PlyCount "47"]
[EventDate "2010.01.01"]
[EventType "swiss (rapid)"]
[EventRounds "9"]
[EventCountry "ESP"]
[Source "lmi"]
[SourceDate "2010.01.01"]

1. Nf3 d5 2. d4 e6 3. c4 c5 4. cxd5 exd5 5. Nc3 Nc6 6. dxc5 d4 7. Na4 Bxc5 8.
Nxc5 Qa5+ 9. Bd2 Qxc5 10. e3 Bg4 11. Rc1 Qd6 12. exd4 Nge7 13. Be2 O-O 14. O-O
Rad8 15. Re1 Nd5 16. h3 Bxf3 17. Bxf3 Nxd4 18. Be4 Qb6 19. Bg5 f6 20. Qh5 g6
21. Bxg6 hxg6 22. Qxg6+ Kh8 23. Qh5+ Kg8 24. Bh6 1-0

[Event "2. Open Mundial de Ajedrez - León"]
[Site "León ESP"]
[Date "2010.01.02"]
[Round "5.3"]
[White "Caspi, Israel"]
[Black "Salgado Lopez, Ivan"]
[Result "1-0"]
[WhiteElo "2427"]
[BlackElo "2584"]
[PlyCount "85"]
[EventDate "2010.01.01"]
[EventType "swiss (rapid)"]
[EventRounds "9"]
[EventCountry "ESP"]
[Source "lmi"]
[SourceDate "2010.01.01"]

1. e4 c5 2. Nf3 e6 3. d4 cxd4 4. Nxd4 Nf6 5. Nc3 d6 6. g4 h6 7. Be3 Nc6 8. f3
d5 9. Bb5 Bd7 10. exd5 Nxd5 11. Nxd5 exd5 12. Qe2 Be7 13. O-O-O O-O 14. Nb3 a6
15. Bxc6 bxc6 16. Kb1 Re8 17. Qf2 Bh4 18. Qd2 Rb8 19. Bd4 Qe7 20. Qc3 f6 21.
Nc5 Bc8 22. Nd3 Bd7 23. Nf4 Bg5 24. Ng2 c5 25. Bxc5 Qe2 26. h4 Qxg2 27. hxg5
fxg5 28. Bd4 Rec8 29. Qd3 Bb5 30. Qg6 Rc7 31. Be5 Rf8 32. Bxc7 Rf6 33. Qh5 Rc6
34. Qh2 Qxf3 35. Be5 Qxg4 36. Bd4 Be2 37. Qe5 Rg6 38. Rde1 Bf3 39. Rhf1 Be4 40.
Qb8+ Kh7 41. Rf8 Re6 42. Qc7 Bxc2+ 43. Qxc2+ 1-0

[Event "2. Open Mundial de Ajedrez - León"]
[Site "León ESP"]
[Date "2010.01.02"]
[Round "6.4"]
[White "Salgado Lopez, Ivan"]
[Black "Pena Gomez, Manuel"]
[Result "1-0"]
[WhiteElo "2584"]
[BlackElo "2432"]
[PlyCount "102"]
[EventDate "2010.01.01"]
[EventType "swiss (rapid)"]
[EventRounds "9"]
[EventCountry "ESP"]
[Source "lmi"]
[SourceDate "2010.01.01"]

1. e4 c5 2. Nf3 d6 3. d4 cxd4 4. Nxd4 Nf6 5. Nc3 a6 6. Be3 e5 7. Nf3 Be7 8. Bc4
Qc7 9. Bb3 O-O 10. O-O Nc6 11. Nd5 Nxd5 12. Bxd5 Bg4 13. c3 Rad8 14. h3 Be6 15.
Qb3 Qc8 16. Bb6 Rde8 17. Rad1 Kh8 18. Nd2 Bxd5 19. Qxd5 Nb8 20. Nc4 Nd7 21. Qd3
Qc6 22. Be3 Rd8 23. f3 b5 24. Nd2 Nc5 25. Qd5 Qxd5 26. exd5 Nd3 27. Rb1 Rc8 28.
Rfd1 Nc5 29. c4 b4 30. a3 bxa3 31. bxa3 Bd8 32. Rdc1 f5 33. Rc2 Kg8 34. Kf1 Nd7
35. Ke2 Ba5 36. Nb3 Bb6 37. Bxb6 Nxb6 38. Kd3 Rb8 39. Nd2 Na4 40. Rb4 Nc5+ 41.
Ke3 a5 42. Rb5 Rxb5 43. cxb5 Rb8 44. Nc4 Rxb5 45. Nxd6 Rb3+ 46. Ke2 Nd7 47.
Rc8+ Nf8 48. Nxf5 g6 49. Nh6+ Kg7 50. Ng4 Rb5 51. Rc7+ Kh8 1-0

[Event "2. Open Mundial de Ajedrez - León"]
[Site "León ESP"]
[Date "2010.01.02"]
[Round "7.4"]
[White "Gulko, Boris F"]
[Black "Caspi, Israel"]
[Result "1/2-1/2"]
[WhiteElo "2535"]
[BlackElo "2427"]
[PlyCount "109"]
[EventDate "2010.01.01"]
[EventType "swiss (rapid)"]
[EventRounds "9"]
[EventCountry "ESP"]
[Source "lmi"]
[SourceDate "2010.01.01"]

1. d4 Nf6 2. c4 g6 3. Nc3 Bg7 4. e4 d6 5. Be2 O-O 6. Be3 e5 7. d5 a5 8. g4 Na6
9. g5 Nd7 10. h4 f5 11. gxf6 Nxf6 12. h5 gxh5 13. Bxh5 Nc5 14. Bf3 c6 15. Bxc5
dxc5 16. Qe2 cxd5 17. cxd5 Ra6 18. Nh3 Ne8 19. O-O-O Qh4 20. Ng1 Qf4+ 21. Kb1
Raf6 22. Qc4 Nd6 23. Qxc5 b6 24. Qc7 R8f7 25. Qd8+ Rf8 26. Qc7 Ba6 27. Be2 Rc8
28. Nh3 Qh4 29. Qd7 Bxe2 30. Nxe2 Qxe4+ 31. Ka1 Qxe2 32. Rdg1 Rf7 33. Qxd6 Rcf8
34. Ng5 e4 35. Qxb6 Qxf2 36. Qxf2 Rxf2 37. Nxe4 Rc2 38. d6 Kh8 39. d7 Rd8 40.
Ng5 Rxd7 41. Nxh7 Rdd2 42. Ng5+ Rh2 43. Rxh2+ Rxh2 44. Rb1 Re2 45. Nf7+ Kg8 46.
Nd6 Rc2 47. a3 Be5 48. Ne4 Kf7 49. Ka2 a4 50. Ng5+ Ke7 51. Nf3 Bf6 52. Ne1 Rd2
53. Nf3 Rf2 54. Ne1 Rd2 55. Nf3 1/2-1/2

[Event "2. Open Mundial de Ajedrez - León"]
[Site "León ESP"]
[Date "2010.01.03"]
[Round "8.2"]
[White "Gurevich, Mikhail"]
[Black "Lariño Nieto, David"]
[Result "1-0"]
[WhiteElo "2597"]
[BlackElo "2471"]
[PlyCount "87"]
[EventDate "2010.01.01"]
[EventType "swiss (rapid)"]
[EventRounds "9"]
[EventCountry "ESP"]
[Source "lmi"]
[SourceDate "2010.01.01"]

1. c4 e6 2. Nc3 d5 3. d4 c5 4. cxd5 exd5 5. Nf3 Nc6 6. g3 Nf6 7. Bg2 Be7 8. O-O
O-O 9. Bg5 cxd4 10. Nxd4 h6 11. Be3 Bg4 12. h3 Be6 13. Qa4 Qd7 14. Kh2 a6 15.
Rad1 b5 16. Qc2 Ne5 17. Bf4 Nc4 18. e4 dxe4 19. Nf5 Qa7 20. Nxe7+ Qxe7 21. b3
Na3 22. Qe2 Rad8 23. Nxe4 Nd5 24. Bc1 Rfe8 25. Bb2 Kh8 26. Rfe1 Qf8 27. Qh5 f6
28. Nc3 Bf7 29. Rxe8 Rxe8 30. Qf3 Nxc3 31. Qxc3 b4 32. Qc6 Re2 33. Bd4 a5 34.
Bb6 Re6 35. Qb7 a4 36. bxa4 Re7 37. Qa6 Re5 38. Rd8 Re8 39. Rxe8 Qxe8 40. Bc5
Nc2 41. Bc6 Qd8 42. a5 Bxa2 43. Qb6 Qd2 44. a6 1-0

[Event "2. Open Mundial de Ajedrez - León"]
[Site "León ESP"]
[Date "2010.01.03"]
[Round "8.3"]
[White "Del Rio De Angelis, Salvador G"]
[Black "Hoffman, Alejandro"]
[Result "1/2-1/2"]
[WhiteElo "2524"]
[BlackElo "2426"]
[PlyCount "63"]
[EventDate "2010.01.01"]
[EventType "swiss (rapid)"]
[EventRounds "9"]
[EventCountry "ESP"]
[Source "lmi"]
[SourceDate "2010.01.01"]

1. d4 d5 2. c4 e6 3. Nc3 Nf6 4. Bg5 Be7 5. e3 O-O 6. Nf3 Nbd7 7. Rc1 dxc4 8.
Bxc4 a6 9. a4 c5 10. O-O cxd4 11. exd4 Nb6 12. Bb3 Bd7 13. Ne5 Bc6 14. Qd3 Nfd5
15. Bd2 Bg5 16. f4 Bf6 17. Nxc6 bxc6 18. Ne4 Rc8 19. Ba5 Qe7 20. Kh1 Nd7 21.
Bc4 Nb8 22. Nc5 Qd6 23. Ne4 Qe7 24. b3 g6 25. Rcd1 Bg7 26. Qh3 Nd7 27. Be1 Ra8
28. Bh4 Qb4 29. Be1 Qe7 30. Bh4 Qb4 31. Be1 Qe7 32. Bh4 1/2-1/2

[Event "2. Open Mundial de Ajedrez - León"]
[Site "León ESP"]
[Date "2010.01.03"]
[Round "8.4"]
[White "Moreno Ruiz, Javier"]
[Black "Gulko, Boris F"]
[Result "0-1"]
[WhiteElo "2459"]
[BlackElo "2535"]
[PlyCount "184"]
[EventDate "2010.01.01"]
[EventType "swiss (rapid)"]
[EventRounds "9"]
[EventCountry "ESP"]
[Source "lmi"]
[SourceDate "2010.01.01"]

1. c4 e6 2. g3 d5 3. Bg2 d4 4. Nf3 c5 5. b4 cxb4 6. a3 Nc6 7. O-O Nf6 8. Bb2
bxa3 9. Nxa3 Bc5 10. e3 O-O 11. Nb5 e5 12. Qb3 a6 13. Nxe5 Nxe5 14. exd4 axb5
15. Rxa8 Bxd4 16. cxb5 Bxb2 17. Qxb2 Nc4 18. Qb4 Nb6 19. Ra3 Nbd5 20. Qd4 Be6
21. Rfa1 h6 22. Ra7 Qd7 23. Qc5 Rc8 24. Ra8 Rxa8 25. Rxa8+ Kh7 26. b6 Bf5 27.
Rb8 Qe6 28. Qc4 Qxb6 29. h3 Qb1+ 30. Kh2 Be6 31. Qd4 b6 32. d3 Qb4 33. Qxb4
Nxb4 34. Rxb6 Nxd3 35. Kg1 g5 36. Bf1 Ne5 37. Bg2 Kg7 38. Rb8 Kg6 39. Rh8 h5
40. Rb8 Bf5 41. Rb6 Ned7 42. Rd6 h4 43. Rd4 hxg3 44. fxg3 Ne5 45. Rd6 Be6 46.
Rd4 Bxh3 47. Rd6 Be6 48. Rb6 Nh5 49. Kf2 Ng4+ 50. Kf3 Nhf6 51. Ke2 Ne5 52. Kf2
Nfg4+ 53. Kg1 Ne3 54. Be4+ Kf6 55. Kf2 N3g4+ 56. Kg1 Nc4 57. Ra6 Nge3 58. Bf3
Nf5 59. Kf2 Ne5 60. Be2 Kg7 61. Rb6 Nd4 62. Bd1 f6 63. Ke3 Nf5+ 64. Kf2 Bd5 65.
Be2 Nd4 66. Bd1 Nec6 67. Rb7+ Kg6 68. Rd7 Bh1 69. Rd6 Nb5 70. Bc2+ Kf7 71. Bb3+
Kg7 72. Rd7+ Kg6 73. Bc2+ f5 74. g4 Ncd4 75. gxf5+ Nxf5 76. Rd8 Nbd4 77. Bd3
Bb7 78. Rd7 Bc8 79. Rd8 Be6 80. Rd6 Kf7 81. Rb6 g4 82. Ra6 g3+ 83. Kg2 Bd5+ 84.
Kh3 g2 85. Ra1 Ne3 86. Kg3 Kf6 87. Rg1 Ke5 88. Re1 Kd6 89. Kf2 Ng4+ 90. Kg3 Ne5
91. Be4 Bxe4 92. Rxe4 g1=Q+ 0-1

[Event "2. Open Mundial de Ajedrez - León"]
[Site "León ESP"]
[Date "2010.01.03"]
[Round "9.1"]
[White "Krasenkow, Michal"]
[Black "Strikovic, Aleksa"]
[Result "1-0"]
[WhiteElo "2656"]
[BlackElo "2531"]
[PlyCount "69"]
[EventDate "2010.01.01"]
[EventType "swiss (rapid)"]
[EventRounds "9"]
[EventCountry "ESP"]
[Source "lmi"]
[SourceDate "2010.01.01"]

1. d4 d6 2. Nf3 Nf6 3. c4 g6 4. Nc3 Bg7 5. e4 O-O 6. h3 e5 7. d5 a5 8. Bg5 Na6
9. Be2 c6 10. Nd2 Bd7 11. h4 h6 12. Be3 h5 13. f3 Qc7 14. Na4 c5 15. Nc3 Qd8
16. Nb5 Ne8 17. g4 f5 18. gxf5 gxf5 19. Bg5 Bf6 20. Rg1 Kh8 21. f4 exf4 22.
Bxh5 Ng7 23. Qf3 Nb4 24. O-O-O Bxb5 25. cxb5 c4 26. Kb1 Rc8 27. Bg6 Nd3 28.
Nxc4 fxe4 29. Bxe4 Rxc4 30. Bxd3 Rd4 31. Bxf6 Qxf6 32. Rg6 Qe5 33. Rdg1 Rf7 34.
R6g5 Qe7 35. Qh5+ 1-0

[Event "2. Open Mundial de Ajedrez - León"]
[Site "León ESP"]
[Date "2010.01.03"]
[Round "9.2"]
[White "Llaneza Vega, Marcos"]
[Black "Gurevich, Mikhail"]
[Result "0-1"]
[WhiteElo "2514"]
[BlackElo "2597"]
[PlyCount "98"]
[EventDate "2010.01.01"]
[EventType "swiss (rapid)"]
[EventRounds "9"]
[EventCountry "ESP"]
[Source "lmi"]
[SourceDate "2010.01.01"]

1. e4 e6 2. Nf3 d5 3. Nc3 Nf6 4. e5 Nfd7 5. d4 c5 6. dxc5 Nc6 7. Bf4 Bxc5 8.
Bd3 f6 9. exf6 Qxf6 10. Bg5 Qf7 11. Qe2 O-O 12. O-O-O Nf6 13. Kb1 Bd7 14. Bc1
h6 15. Rhe1 a6 16. h4 Nh5 17. Ne5 Nxe5 18. Qxe5 Nf4 19. Be4 Rac8 20. Bf3 Ba7
21. h5 Bb8 22. Qd4 e5 23. Qb6 e4 24. Bxf4 Bxf4 25. Be2 Be6 26. f3 Be5 27. fxe4
Bxc3 28. bxc3 dxe4 29. Rf1 Qe7 30. Rxf8+ Rxf8 31. Rd6 Bf7 32. Qd4 e3 33. c4 Re8
34. c5 Qg5 35. Rd7 Qe5 36. c3 Qe6 37. Rxf7 Qxf7 38. Qd5 Re6 39. Bc4 Kf8 40.
Qd8+ Qe8 41. Qd1 e2 42. Qe1 Rf6 43. Qxe2 Qxe2 44. Bxe2 Rc6 45. Kb2 Rxc5 46. Bf3
Ke7 47. Kc2 b6 48. Kd3 Kd6 49. Kd4 Ra5 0-1

[Event "2. Open Mundial de Ajedrez - León"]
[Site "León ESP"]
[Date "2010.01.03"]
[Round "9.4"]
[White "Gulko, Boris F"]
[Black "Del Rio De Angelis, Salvador G"]
[Result "1/2-1/2"]
[WhiteElo "2535"]
[BlackElo "2524"]
[PlyCount "80"]
[EventDate "2010.01.01"]
[EventType "swiss (rapid)"]
[EventRounds "9"]
[EventCountry "ESP"]
[Source "lmi"]
[SourceDate "2010.01.01"]

1. d4 e6 2. c4 Nf6 3. Nc3 Bb4 4. e3 O-O 5. Bd3 d5 6. a3 Bxc3+ 7. bxc3 dxc4 8.
Bxc4 c5 9. Nf3 Qa5 10. Bd2 Ne4 11. O-O Nxd2 12. Qxd2 Nd7 13. Qd3 b6 14. e4 cxd4
15. cxd4 Bb7 16. e5 Rfd8 17. Ng5 Nf8 18. f4 Bd5 19. Rac1 Rac8 20. Ne4 Bxe4 21.
Qxe4 b5 22. Bd3 Rxc1 23. Rxc1 Qxa3 24. Rd1 b4 25. Bc4 Qa4 26. Qd3 Ng6 27. Bb3
Qa3 28. f5 exf5 29. Qc4 Rf8 30. Rc1 Qb2 31. e6 fxe6 32. Qxe6+ Kh8 33. Rc8 Qxd4+
34. Kf1 Qd3+ 35. Kg1 Qb1+ 36. Kf2 Qb2+ 37. Ke1 Qa1+ 38. Kf2 Qd4+ 39. Kf1 Qf4+
40. Kg1 Qd4+ 1/2-1/2